[Event "Dan Kragujevca 2009"]
[Site "Kragujevac"]
[Date "2009.04.13"]
[Round "5.1"]
[White "Tadic, Branko"]
[Black "Pavlovic, Dejan S"]
[Result "1/2-1/2"]
[WhiteElo "2485"]
[BlackElo "2400"]
[PlyCount "96"]
[EventDate "2009.04.11"]

1. Nf3 d5 2. d4 Nf6 3. c4 c6 4. e3 a6 5. Nc3 b5 6. c5 g6 7. Bd3 Bg7 8. b4 a5 9.
bxa5 Qxa5 10. Bd2 Qa3 11. Rb1 O-O 12. Rb3 Qa7 13. a4 bxa4 14. Ra3 Bf5 15. Bxf5
gxf5 16. Qb1 Ne4 17. Rxa4 Na6 18. O-O Qd7 19. Qd3 Nc7 20. Rfa1 Rxa4 21. Nxa4
Ra8 22. Ra3 Qe6 23. Nb6 Rd8 24. Be1 h6 25. Kf1 Nb5 26. Ra5 Nc7 27. Nh4 Bf6 28.
f3 Bxh4 29. Bxh4 Nf6 30. Kf2 Kg7 31. Bg3 Nce8 32. Be5 Kg8 33. h3 Nd7 34. Nxd7
Qxd7 35. Qa3 f6 36. Ra7 Qe6 37. Bf4 h5 38. Qa6 Kf7 39. Qb7 h4 40. g3 hxg3+ 41.
Bxg3 Kf8 42. Bf4 Kf7 43. h4 Ng7 44. Bd6 Re8 45. Bf4 Nh5 46. Qd7 Qxd7 47. Rxd7
Nxf4 48. exf4 Ra8 1/2-1/2

[Event "Dan Kragujevca 2009"]
[Site "Kragujevac"]
[Date "2009.04.13"]
[Round "5.2"]
[White "Damjanovic, Dragan"]
[Black "Todorovic, Goran M"]
[Result "1-0"]
[WhiteElo "2198"]
[BlackElo "2467"]
[PlyCount "129"]
[EventDate "2009.04.11"]

1. d4 d5 2. c4 e6 3. Nc3 c6 4. Nf3 Nf6 5. cxd5 exd5 6. Bg5 Be7 7. e3 Bf5 8. Bd3
Bxd3 9. Qxd3 Nbd7 10. O-O O-O 11. Rab1 a5 12. a3 Ne4 13. Bxe7 Qxe7 14. Nd2 f5
15. f3 Nxd2 16. Qxd2 Nb6 17. Qd3 Rae8 18. Rfe1 Nc4 19. Re2 b5 20. e4 dxe4 21.
fxe4 f4 22. a4 Qg5 23. axb5 cxb5 24. Rf2 Rd8 25. Nd5 Rxd5 26. exd5 Qxd5 27. b3
Ne3 28. Rc1 Rd8 29. Rd2 b4 30. Rc5 Qa8 31. d5 a4 32. bxa4 Qxa4 33. Qd4 Qa6 34.
Rf2 Qg6 35. Qxb4 Qd3 36. Rc1 Nxd5 37. Qa5 Ne3 38. Qa2+ Qd5 39. Qxd5+ Rxd5 40.
Rxf4 h6 41. Re4 Nf5 42. Rce1 Rd2 43. R1e2 Rd1+ 44. Kf2 Kh7 45. g4 Nh4 46. Kg3
Ng6 47. h4 Rg1+ 48. Kh2 Rf1 49. Kg2 Rf7 50. Kg3 Nf8 51. Rf2 Rxf2 52. Kxf2 Kg6
53. Kg3 Nd7 54. Kf4 Kf6 55. Rd4 g5+ 56. Ke4 Nc5+ 57. Kd5 gxh4 58. Kxc5 Kg5 59.
Rd1 Kxg4 60. Kd4 Kf3 61. Rh1 Kg3 62. Ke3 h3 63. Rg1+ Kh4 64. Kf3 h2 65. Ra1 1-0

[Event "Dan Kragujevca 2009"]
[Site "Kragujevac"]
[Date "2009.04.13"]
[Round "5.3"]
[White "Tosic, Miroslav"]
[Black "Radovanovic, Dusan"]
[Result "1/2-1/2"]
[WhiteElo "2448"]
[BlackElo "2308"]
[PlyCount "78"]
[EventDate "2009.04.11"]

1. d4 Nf6 2. Nf3 g6 3. c4 Bg7 4. Nc3 O-O 5. e4 d6 6. Be2 e5 7. d5 a5 8. Nd2 Na6
9. Bf3 c6 10. Nb3 cxd5 11. cxd5 b5 12. Be3 a4 13. Nc1 Bd7 14. a3 Qb8 15. O-O
Rc8 16. Re1 Nc5 17. N1a2 Nb3 18. Rb1 Na5 19. Qd3 Nc4 20. Bc1 Na5 21. Be2 Rc4
22. Be3 Nb3 23. f3 Nd4 24. Bf1 Nh5 25. Qd1 Rc8 26. Nb4 f5 27. Rc1 Qb7 28. Ne2
Rxc1 29. Bxc1 Rc8 30. Qd2 Nb3 31. Qd1 fxe4 32. fxe4 Nf6 33. Nc6 Bxc6 34. dxc6
Qxc6 35. Nc3 Rb8 36. Bg5 Qc5+ 37. Kh1 Nd4 38. Bd3 Rf8 39. Be3 Rb8 1/2-1/2

[Event "Dan Kragujevca 2009"]
[Site "Kragujevac"]
[Date "2009.04.13"]
[Round "5.4"]
[White "Rihterovic, Milan"]
[Black "Zlatanovic, Boroljub"]
[Result "0-1"]
[WhiteElo "2284"]
[BlackElo "2392"]
[PlyCount "94"]
[EventDate "2009.04.11"]

1. d4 g6 2. c4 Bg7 3. Nc3 d6 4. e4 Nf6 5. Nf3 O-O 6. Be2 e5 7. O-O Nc6 8. d5
Ne7 9. Bg5 h6 10. Bxf6 Bxf6 11. b4 Bg7 12. c5 f5 13. Nd2 fxe4 14. Ndxe4 Nf5 15.
Rc1 Rf7 16. a4 a5 17. bxa5 Rxa5 18. Nb5 Bf8 19. Qb3 Kg7 20. Rfd1 Qh4 21. Rc4
Nd4 22. Nxd4 exd4 23. Rcxd4 dxc5 24. R4d2 b6 25. f3 Bf5 26. d6 Bxe4 27. dxc7
Bf5 28. Qxf7+ Kxf7 29. Rd7+ Bxd7 30. Rxd7+ Be7 31. g3 Qb4 32. c8=Q Qe1+ 33. Bf1
Rxa4 34. Qc6 Qe3+ 35. Kg2 Ra2+ 36. Kh3 Qe6+ 37. Qxe6+ Kxe6 38. Rb7 Rb2 39. Bd3
g5 40. Kg4 Bd6 41. h3 Rb4+ 42. Be4 c4 43. Rh7 c3 44. Rxh6+ Kd7 45. Kf5 Rxe4 46.
Kxe4 c2 47. Kd5 Bc5 0-1

[Event "Dan Kragujevca 2009"]
[Site "Kragujevac"]
[Date "2009.04.13"]
[Round "5.5"]
[White "Lazic, Dragoljub"]
[Black "Milosevic, Slavisa"]
[Result "0-1"]
[WhiteElo "2327"]
[BlackElo "2287"]
[PlyCount "67"]
[EventDate "2009.04.11"]

1. e4 e6 2. d4 c5 3. Nf3 cxd4 4. Nxd4 a6 5. Bd3 Bc5 6. Nb3 Be7 7. O-O d6 8. a4
Nf6 9. Nc3 b6 10. f4 Nbd7 11. Qe2 Qc7 12. Bd2 Bb7 13. Rae1 e5 14. Kh1 O-O 15.
fxe5 Nxe5 16. Nd4 Nfd7 17. Nf5 Bf6 18. Ne3 Qd8 19. Ned5 Bg5 20. Bxg5 Qxg5 21.
Rf5 Qd8 22. Ref1 Nc5 23. h3 Bxd5 24. Nxd5 Nxa4 25. Bxa6 Nxb2 26. Rb1 Na4 27.
Rb4 Nc5 28. Rxb6 Re8 29. Bd3 Ra3 30. Qf1 Nexd3 31. cxd3 Rxd3 32. Rb7 Rxd5 33.
Rfxf7 Nxb7 34. Rxb7 0-1

[Event "Dan Kragujevca 2009"]
[Site "Kragujevac"]
[Date "2009.04.13"]
[Round "5.6"]
[White "Ostojic, Nikola"]
[Black "Jevtic, Miroljub"]
[Result "1-0"]
[WhiteElo "2391"]
[BlackElo "2173"]
[PlyCount "59"]
[EventDate "2009.04.11"]

1. Nf3 d5 2. d4 Bf5 3. c4 e6 4. Nc3 Bb4 5. g3 c6 6. Bg2 h6 7. Qb3 Bxc3+ 8. bxc3
b6 9. Ba3 Ne7 10. Nd2 O-O 11. e4 Bg6 12. O-O dxe4 13. Nxe4 Bxe4 14. Bxe4 Re8
15. Rfe1 Nc8 16. Rad1 Nd6 17. Bg2 Nb7 18. Qa4 Na5 19. d5 exd5 20. cxd5 Rxe1+
21. Rxe1 Na6 22. dxc6 Rc8 23. Bb4 Nc5 24. Bxc5 bxc5 25. Rd1 Qb6 26. Qg4 Qa6 27.
Bh3 Rxc6 28. Rd8+ Kh7 29. Qe4+ Rg6 30. Bf5 1-0

[Event "Dan Kragujevca 2009"]
[Site "Kragujevac"]
[Date "2009.04.13"]
[Round "5.7"]
[White "Mladenovic, Stefan"]
[Black "Maksimovic, Branimir"]
[Result "0-1"]
[WhiteElo "1955"]
[BlackElo "2418"]
[PlyCount "44"]
[EventDate "2009.04.11"]

1. e4 e6 2. d4 d5 3. Nd2 c5 4. exd5 exd5 5. Bb5+ Bd7 6. Bxd7+ Qxd7 7. Ngf3 Nc6
8. O-O cxd4 9. Nb3 Nf6 10. Nfxd4 Be7 11. Bg5 O-O 12. Re1 Rfe8 13. Qf3 Ne4 14.
Bxe7 Rxe7 15. Nf5 Re5 16. Ne3 Nf6 17. c3 Ree8 18. Rad1 Rad8 19. Qf5 Rxe3 20.
Qf4 Rxe1+ 21. Rxe1 Re8 22. Rd1 Qg4 0-1

[Event "Dan Kragujevca 2009"]
[Site "Kragujevac"]
[Date "2009.04.13"]
[Round "5.8"]
[White "Kojovic, Dragan"]
[Black "Sorgic, Dragan"]
[Result "1-0"]
[WhiteElo "2382"]
[BlackElo "2282"]
[PlyCount "51"]
[EventDate "2009.04.11"]

1. d4 Nf6 2. c4 g6 3. Nc3 Bg7 4. e4 d6 5. Bd3 e5 6. d5 a5 7. h3 Na6 8. Nge2 O-O
9. Bg5 Qe8 10. g4 c6 11. Ng3 cxd5 12. cxd5 Bd7 13. Qf3 Qd8 14. Qe3 Nc5 15. Be2
Qb6 16. Rb1 Rfc8 17. O-O a4 18. Kg2 Qb4 19. a3 Qa5 20. f4 Ne8 21. f5 f6 22. Bh6
Nb3 23. Bxg7 Kxg7 24. g5 Nd4 25. fxg6 hxg6 26. gxf6+ 1-0

[Event "Dan Kragujevca 2009"]
[Site "Kragujevac"]
[Date "2009.04.13"]
[Round "5.9"]
[White "Djosic, Slavoljub"]
[Black "Misailovic, Nebojsa"]
[Result "0-1"]
[WhiteElo "2261"]
[BlackElo "2293"]
[PlyCount "84"]
[EventDate "2009.04.11"]

1. e4 c5 2. c4 Nc6 3. g3 g6 4. Bg2 Bg7 5. Nc3 e6 6. Nge2 Nge7 7. d3 O-O 8. h4
h5 9. Bg5 b6 10. Qd2 Bb7 11. Bh6 Bxh6 12. Qxh6 Ne5 13. Rd1 d5 14. Qf4 Qb8 15.
cxd5 exd5 16. O-O d4 17. Nb1 Ba6 18. Qf6 Qc7 19. Nc1 N7c6 20. Rfe1 Rae8 21. Qf4
Qb8 22. Re2 Kg7 23. Bh3 Rd8 24. a3 Rd6 25. Bg2 Bc8 26. Qd2 Bg4 27. f4 Nf3+ 28.
Bxf3 Bxf3 29. Rf1 Bxe2 30. Nxe2 b5 31. Rc1 Qb6 32. b3 c4 33. bxc4 bxc4 34. dxc4
Qc5 35. Qd3 Rb8 36. Nd2 Rb2 37. e5 Rd8 38. Ne4 Qb6 39. e6 Qb3 40. N4c3 dxc3 41.
Qxd8 Nxd8 42. e7 Qa2 0-1

[Event "Dan Kragujevca 2009"]
[Site "Kragujevac"]
[Date "2009.04.13"]
[Round "5.10"]
[White "Garic, Radomir"]
[Black "Ilic, Slobodan S"]
[Result "0-1"]
[WhiteElo "2255"]
[BlackElo "2212"]
[PlyCount "60"]
[EventDate "2009.04.11"]

1. e4 c5 2. Nf3 e6 3. Nc3 a6 4. d4 cxd4 5. Nxd4 d6 6. Be3 Nf6 7. Be2 Be7 8. a4
Nc6 9. O-O O-O 10. Qd2 Qc7 11. f4 Bd7 12. Nb3 b6 13. Bf3 Rab8 14. Qf2 Rfe8 15.
Rfd1 Bc8 16. Rd3 Bf8 17. Kh1 b5 18. a5 b4 19. Na4 e5 20. f5 Bxf5 21. Bb6 Qc8
22. exf5 e4 23. Nd4 Nxd4 24. Rxd4 exf3 25. Qxf3 Qxc2 26. Rxb4 d5 27. Rd4 Re2
28. Rf1 Rbe8 29. Rh4 Re1 30. Bg1 Qc1 0-1

[Event "Dan Kragujevca 2009"]
[Site "Kragujevac"]
[Date "2009.04.13"]
[Round "5.11"]
[White "Milenkovic, Mladen"]
[Black "Trpkovic, Miroljub"]
[Result "1-0"]
[WhiteElo "2342"]
[BlackElo "2034"]
[PlyCount "79"]
[EventDate "2009.04.11"]

1. e4 c5 2. Nf3 Nc6 3. d4 cxd4 4. Nxd4 a6 5. Nc3 e6 6. Be2 Nge7 7. Nb3 Ng6 8.
Be3 Be7 9. O-O O-O 10. f4 d6 11. a3 b6 12. Bd3 Bf6 13. Qh5 Re8 14. Rad1 Qc7 15.
g4 Nf8 16. g5 g6 17. Qh4 Bg7 18. Rd2 Rb8 19. Nd1 Ne7 20. Nf2 e5 21. c3 exf4 22.
Bxf4 Nc6 23. Be2 Ne5 24. Nd4 Qd7 25. Nf3 Qe7 26. Nd4 Ra8 27. Bxe5 Qxe5 28. Rfd1
Bb7 29. Bf3 f6 30. gxf6 Bxf6 31. Qh3 Bg7 32. Bg2 Rad8 33. Rf1 Qg5 34. Nf3 Qf4
35. Re2 Re7 36. Nd3 Qf7 37. Ng5 Qc4 38. Ref2 h6 39. Nf7 Rxf7 40. Rxf7 1-0

[Event "Dan Kragujevca 2009"]
[Site "Kragujevac"]
[Date "2009.04.13"]
[Round "5.12"]
[White "Milosevic, Rade"]
[Black "Peric, Slavisa"]
[Result "0-1"]
[WhiteElo "2111"]
[BlackElo "2277"]
[PlyCount "130"]
[EventDate "2009.04.11"]

1. c4 e6 2. Nf3 b6 3. g3 Bb7 4. Bg2 Nf6 5. O-O Be7 6. d3 O-O 7. e4 d5 8. exd5
exd5 9. Nd4 Re8 10. Nc3 Bb4 11. Nce2 h6 12. a3 Bf8 13. b4 Nbd7 14. Bb2 c5 15.
Nc2 Qc7 16. b5 d4 17. f3 Ne5 18. Qd2 Bd6 19. Rf2 Re7 20. Raf1 Rae8 21. h3 Ng6
22. f4 Bxg2 23. Rxg2 h5 24. f5 Nf8 25. Nf4 N8h7 26. Qd1 h4 27. Bc1 hxg3 28.
Rxg3 Qd7 29. Rg2 Qxf5 30. Nd5 Qxh3 31. Nxe7+ Rxe7 32. Bf4 Bxf4 33. Rxf4 Kf8 34.
Rf3 Qh5 35. Rf1 Qh4 36. Rh2 Qg3+ 37. Rg2 Qh4 38. Rh2 Qg5+ 39. Rg2 Qh6 40. Rh2
Qg6+ 41. Kh1 Ng4 42. Rg2 Qh6+ 43. Kg1 Ne3 44. Nxe3 Qxe3+ 45. Kh2 Re6 46. Rg3
Qe5 47. Qg4 Qe2+ 48. Qxe2 Rxe2+ 49. Rg2 Re5 50. a4 f5 51. a5 g5 52. axb6 axb6
53. Ra1 f4 54. Ra8+ Kf7 55. Rga2 Nf6 56. R2a7+ Kg6 57. Rb8 Kh5 58. Rxb6 Ng4+
59. Kg2 Re2+ 60. Kf1 Rf2+ 61. Kg1 Kh4 62. Rg6 Rd2 63. Kf1 f3 64. Ra1 Ne3+ 65.
Kg1 f2+ 0-1

[Event "Dan Kragujevca 2009"]
[Site "Kragujevac"]
[Date "2009.04.13"]
[Round "5.13"]
[White "Stojanovic, Zlatko"]
[Black "Stojanovic, Vladimir M"]
[Result "1-0"]
[WhiteElo "2239"]
[BlackElo "1951"]
[PlyCount "61"]
[EventDate "2009.04.11"]

1. e4 d6 2. d4 Nf6 3. Nc3 e5 4. Nf3 Nbd7 5. Bc4 Be7 6. O-O O-O 7. Re1 exd4 8.
Nxd4 Nb6 9. Bf1 h6 10. h3 Re8 11. g3 Bf8 12. Bg2 g6 13. b3 Bg7 14. Rb1 a6 15.
Bb2 c5 16. Nde2 Qc7 17. Qd2 Be6 18. Nf4 Rad8 19. Nxe6 Rxe6 20. Nd1 Nbd7 21. c4
b5 22. Ne3 Ree8 23. Rbd1 Nxe4 24. Bxe4 Rxe4 25. Nd5 Rxe1+ 26. Rxe1 Qb7 27. Bxg7
Kxg7 28. Re7 Qc8 29. Qf4 Ne5 30. Qf6+ Kg8 31. Rxe5 1-0

[Event "Dan Kragujevca 2009"]
[Site "Kragujevac"]
[Date "2009.04.13"]
[Round "5.14"]
[White "Ilic, Slobodan R"]
[Black "Kostic, Ninoslav"]
[Result "1/2-1/2"]
[WhiteElo "2104"]
[BlackElo "2228"]
[PlyCount "63"]
[EventDate "2009.04.11"]

1. e4 e5 2. Nf3 d6 3. Bc4 Be7 4. d4 exd4 5. Nxd4 Nf6 6. Nc3 O-O 7. O-O c6 8. a4
a5 9. Kh1 Nxe4 10. Nxe4 d5 11. Bd3 dxe4 12. Bxe4 Na6 13. Re1 Nc5 14. Bf3 Bf6
15. Be3 Ne6 16. Nxe6 Bxe6 17. Qxd8 Rfxd8 18. c3 h6 19. Bb6 Rd2 20. Re2 Rd7 21.
Be3 Rad8 22. h3 Rd1+ 23. Re1 Rxe1+ 24. Rxe1 Bb3 25. Ra1 Be7 26. Kg1 Kf8 27. Kf1
Ke8 28. g3 Kf8 29. Ke1 Re8 30. Kf1 Rd8 31. Ke1 f5 32. Bd1 1/2-1/2

[Event "Dan Kragujevca 2009"]
[Site "Kragujevac"]
[Date "2009.04.13"]
[Round "5.15"]
[White "Tasic, Zoran T"]
[Black "Huynh, Arthur"]
[Result "1-0"]
[WhiteElo "2198"]
[BlackElo "1978"]
[PlyCount "91"]
[EventDate "2009.04.11"]

1. Nf3 Nf6 2. g3 d5 3. Bg2 e6 4. O-O Bd6 5. d3 b6 6. Nbd2 Bb7 7. e4 dxe4 8. Ng5
O-O 9. Ndxe4 Nxe4 10. Nxe4 Nc6 11. Qh5 f6 12. f4 Rb8 13. Be3 Nb4 14. Rf2 Nd5
15. Bd2 Be7 16. a3 Qd7 17. c4 f5 18. cxd5 fxe4 19. Bxe4 g6 20. dxe6 gxh5 21.
exd7 Bc5 22. Bb4 Bxf2+ 23. Kxf2 c5 24. Bc3 Bxe4 25. dxe4 Rb7 26. Rd1 Rd8 27.
Rd5 Rbxd7 28. Rg5+ Kf8 29. Rxh5 Rd2+ 30. Kf3 R8d3+ 31. Kg4 Re2 32. Rxh7 a5 33.
a4 Rxe4 34. Rh6 Re2 35. Rxb6 Rxh2 36. Rb5 Rg2 37. Rxc5 Rgxg3+ 38. Kf5 Rh3 39.
Be5 Rb3 40. Rxa5 Rb7 41. Ra8+ Kf7 42. a5 Rh1 43. a6 Rd7 44. b4 Rb1 45. Rb8 Ra7
46. Rb7+ 1-0

[Event "Dan Kragujevca 2009"]
[Site "Kragujevac"]
[Date "2009.04.13"]
[Round "5.16"]
[White "Jovanovic, Bojan P"]
[Black "Zivkovic, Momcilo"]
[Result "1-0"]
[WhiteElo "2010"]
[BlackElo "2176"]
[PlyCount "117"]
[EventDate "2009.04.11"]

1. d4 d5 2. Nf3 Nf6 3. Bf4 Nh5 4. Bg5 h6 5. Bh4 g5 6. Bg3 Nxg3 7. hxg3 Bg7 8.
e3 c5 9. c3 Qb6 10. Qc2 Nc6 11. Nbd2 Bd7 12. Rc1 a5 13. b3 cxd4 14. exd4 Rc8
15. Qb1 e5 16. dxe5 Nxe5 17. Nxe5 Bxe5 18. Qd3 Qf6 19. c4 O-O 20. Qf3 Qxf3 21.
gxf3 Bg7 22. Bd3 dxc4 23. bxc4 Rfe8+ 24. Kf1 Rcd8 25. Be4 Bc6 26. Rc2 a4 27.
Kg2 Rd4 28. Rb1 Red8 29. Bxc6 bxc6 30. Nf1 Rd3 31. Rb6 c5 32. Rc6 Bf8 33. Ra6
a3 34. Ne3 Rb8 35. Ng4 Rb2 36. Rxa3 Rxc2 37. Rxd3 Rxc4 38. Nf6+ Kg7 39. Ne4 Rc2
40. Rc3 Rxc3 41. Nxc3 c4 42. Nd5 h5 43. f4 gxf4 44. Nxf4 c3 45. a4 c2 46. Nd3
Bb4 47. Kf3 Bd2 48. Ke4 c1=Q 49. Nxc1 Bxc1 50. a5 f5+ 51. Kxf5 Ba3 52. Kg5 Bc5
53. f4 Bf2 54. a6 Ba7 55. Kxh5 Kf6 56. g4 Be3 57. g5+ Kg7 58. f5 Kh7 59. f6 1-0

[Event "Dan Kragujevca 2009"]
[Site "Kragujevac"]
[Date "2009.04.13"]
[Round "5.17"]
[White "Boskovic, Maksimilijan"]
[Black "Antic, Dragan"]
[Result "1-0"]
[WhiteElo "1914"]
[BlackElo "2165"]
[PlyCount "69"]
[EventDate "2009.04.11"]

1. e4 c5 2. Nf3 d6 3. d4 cxd4 4. Nxd4 Nf6 5. Nc3 a6 6. Bc4 e6 7. Bb3 b5 8. O-O
Be7 9. f4 b4 10. Na4 Nxe4 11. f5 d5 12. fxe6 fxe6 13. Qg4 Nf6 14. Rxf6 Bxf6 15.
Nxe6 Bxe6 16. Qxe6+ Qe7 17. Qc8+ Qd8 18. Qe6+ Qe7 19. Qxe7+ Kxe7 20. Bxd5 Bd4+
21. Kh1 Ra7 22. Bd2 a5 23. Bb3 Rd7 24. Bg5+ Bf6 25. Re1+ Kd8 26. Be3 Bd4 27.
Bg5+ Bf6 28. Be3 Bd4 29. Nb6 Bxb2 30. Nxd7 Nxd7 31. Rd1 Kc7 32. Be6 Ne5 33. Bf4
Re8 34. Bh3 Kc6 35. g3 1-0

[Event "Dan Kragujevca 2009"]
[Site "Kragujevac"]
[Date "2009.04.13"]
[Round "5.18"]
[White "Nikolic, Vladimir"]
[Black "Filipovic, Zivadin"]
[Result "1/2-1/2"]
[WhiteElo "1933"]
[BlackElo "2149"]
[PlyCount "119"]
[EventDate "2009.04.11"]

1. Nf3 d5 2. d4 c6 3. c3 Bf5 4. Qb3 Qb6 5. Bf4 Bxb1 6. Rxb1 Qxb3 7. axb3 Nd7 8.
e3 a6 9. Bd3 e6 10. h3 Ngf6 11. O-O Rc8 12. b4 Be7 13. Ne5 O-O 14. g4 Rfd8 15.
Kg2 Ne8 16. e4 Nxe5 17. Bxe5 Bd6 18. Bxd6 Nxd6 19. e5 Ne8 20. f4 Nc7 21. h4 Rf8
22. f5 g6 23. f6 h6 24. Kf3 Ra8 25. Ra1 Ra7 26. Ra3 Rfa8 27. Rfa1 Kf8 28. Ke3
Ke8 29. b3 Nb5 30. Bxb5 cxb5 31. Kd3 Rc8 32. Rc1 b6 33. c4 bxc4+ 34. bxc4 dxc4+
35. Rxc4 Rxc4 36. Kxc4 Kd7 37. d5 exd5+ 38. Kxd5 a5 39. Ra2 Ra8 40. Ra1 a4 41.
Kc4 Ke6 42. Kb5 a3 43. Kxb6 Kxe5 44. Kb7 Ra4 45. b5 Kxf6 46. b6 Rxg4 47. Rxa3
Rxh4 48. Rb3 Re4 49. Ka7 h5 50. b7 Re7 51. Kb6 Rxb7+ 52. Kxb7 h4 53. Kc6 g5 54.
Kd5 Kf5 55. Rf3+ Kg4 56. Ke4 h3 57. Rxf7 h2 58. Rh7 Kg3 59. Kf5 g4 60. Rxh2
1/2-1/2

[Event "Dan Kragujevca 2009"]
[Site "Kragujevac"]
[Date "2009.04.13"]
[Round "5.19"]
[White "Dodic, Dragan"]
[Black "Radovic, Janko"]
[Result "1-0"]
[WhiteElo "2143"]
[BlackElo "1390"]
[PlyCount "155"]
[EventDate "2009.04.11"]

1. d4 Nf6 2. c4 g6 3. Nc3 d5 4. cxd5 Nxd5 5. e4 Nxc3 6. bxc3 Bg7 7. Bb5+ Bd7 8.
Be2 O-O 9. Nf3 c5 10. O-O Bg4 11. Be3 Nc6 12. e5 Qd7 13. h3 Bxf3 14. Bxf3 cxd4
15. cxd4 Rfd8 16. Bxc6 Qxc6 17. Qb3 Rac8 18. Qa3 Bf8 19. Rac1 e6 20. Qxa7 Qd5
21. Rxc8 Rxc8 22. Rb1 b5 23. Qb6 b4 24. Rb2 Qc4 25. Kh2 h6 26. Qa7 Qc6 27. Qa5
Ra8 28. Rc2 Rxa5 29. Rxc6 Rxa2 30. Rc8 Kg7 31. Rb8 Rb2 32. Kg3 b3 33. Bxh6+
Kxh6 34. Rxf8 Kg7 35. Rb8 Rb1 36. Kf3 b2 37. h4 Kh6 38. g3 g5 39. hxg5+ Kxg5
40. Rb7 Rd1 41. Rxb2 Rxd4 42. Rb7 f6 43. exf6 Kxf6 44. Ke3 Rg4 45. Rb6 Kf5 46.
Rb5+ e5 47. Kf3 Ra4 48. Rb8 Ra3+ 49. Kg2 e4 50. Rf8+ Kg5 51. Rf4 e3 52. f3 Ra2+
53. Kh3 Re2 54. Re4 Re1 55. f4+ Kf5 56. Re5+ Kf6 57. Kg4 Kg6 58. Kf3 Rf1+ 59.
Kxe3 Re1+ 60. Kd4 Rd1+ 61. Ke4 Re1+ 62. Kd5 Rg1 63. Rg5+ Kf6 64. Ke4 Re1+ 65.
Kf3 Rf1+ 66. Kg4 Rg1 67. Ra5 Rf1 68. Ra6+ Kg7 69. Kg5 Rg1 70. Ra7+ Kf8 71. g4
Rd1 72. f5 Rd6 73. Kh5 Rf6 74. Ra5 Kg7 75. g5 Rb6 76. Ra7+ Kg8 77. f6 Re6 78.
Kg6 1-0

[Event "Dan Kragujevca 2009"]
[Site "Kragujevac"]
[Date "2009.04.13"]
[Round "5.20"]
[White "Antic, Nenad"]
[Black "Nicosia, Federico"]
[Result "1-0"]
[WhiteElo "1390"]
[BlackElo "1380"]
[PlyCount "77"]
[EventDate "2009.04.11"]

1. d4 Nf6 2. Nf3 e6 3. c4 b6 4. Bg5 h6 5. Bxf6 Qxf6 6. e3 Bb7 7. Be2 Qd8 8. O-O
Be7 9. Nc3 d6 10. Rc1 Nd7 11. Bd3 Nf6 12. Qe2 O-O 13. Rfd1 Re8 14. e4 c5 15.
dxc5 bxc5 16. e5 Nd7 17. exd6 Bxd6 18. Bb1 Bf4 19. Rc2 Qe7 20. g3 Bc7 21. Nb5
Bb8 22. Rcd2 Nf6 23. Ne5 Bxe5 24. Qxe5 Bf3 25. Nc7 Bxd1 26. Nxe8 Rxe8 27. Rxd1
Rd8 28. Rd3 Rxd3 29. Bxd3 Qd8 30. Qc3 Qd4 31. Qxd4 cxd4 32. c5 Kf8 33. Kg2 a5
34. a3 Nd5 35. Kf3 f5 36. Bc4 Nc7 37. b4 axb4 38. axb4 Ke7 39. b5 1-0

[Event "Dan Kragujevca 2009"]
[Site "Kragujevac"]
[Date "2009.04.13"]
[Round "5.22"]
[White "Kostic, Marko"]
[Black "Ostojic, Slobodan"]
[Result "0-1"]
[WhiteElo "1370"]
[BlackElo "1943"]
[PlyCount "54"]
[EventDate "2009.04.11"]

1. d4 Nf6 2. c4 g6 3. Nc3 Bg7 4. e4 d6 5. Bd3 Nc6 6. Be3 Ng4 7. Qd2 Nxd4 8. h3
Nxe3 9. fxe3 Nc6 10. Nf3 Ne5 11. Nxe5 Bxe5 12. Qf2 c6 13. Rf1 Be6 14. Rd1 Qa5
15. Qc2 h5 16. a3 g5 17. Qc1 g4 18. hxg4 Bxg4 19. Rd2 Bg3+ 20. Rff2 Qg5 21. Rc2
h4 22. Bf1 h3 23. gxh3 Bxh3 24. Ne2 Bxf2+ 25. Kxf2 Qh4+ 26. Kf3 Bg4+ 27. Kg2
Qh2# 0-1

[Event "Dan Kragujevca 2009"]
[Site "Kragujevac"]
[Date "2009.04.13"]
[Round "5.23"]
[White "Gagic, Miroljub"]
[Black "Kostic, Tomislav"]
[Result "1/2-1/2"]
[WhiteElo "1888"]
[BlackElo "1380"]
[PlyCount "80"]
[EventDate "2009.04.11"]

1. e4 e6 2. d4 d5 3. e5 c5 4. c3 Qb6 5. Nf3 Bd7 6. Be2 cxd4 7. cxd4 Bb5 8. Nc3
Bxe2 9. Nxe2 Nc6 10. O-O Nge7 11. Ng3 Ng6 12. h4 Be7 13. h5 Nh4 14. Nxh4 Bxh4
15. Ne2 O-O 16. h6 g6 17. b3 Be7 18. Be3 f6 19. Nf4 Rfc8 20. Nxe6 Nxe5 21. Nf4
Nf7 22. Nxd5 Qe6 23. Nxe7+ Qxe7 24. Rc1 Qa3 25. Qf3 f5 26. Rxc8+ Rxc8 27. Qxb7
Rd8 28. Qc6 Nd6 29. Qd5+ Nf7 30. Qe6 Qxa2 31. Rc1 Qa3 32. Qf6 Kf8 33. Qg7+ Ke7
34. Bg5+ Ke8 35. Bxd8 Qxc1+ 36. Kh2 Qf4+ 37. Kh3 Qg4+ 38. Kh2 Qf4+ 39. Kh3 Qg4+
40. Kh2 Qf4+ 1/2-1/2

[Event "Dan Kragujevca 2009"]
[Site "Kragujevac"]
[Date "2009.04.13"]
[Round "5.24"]
[White "Radovic, Milos"]
[Black "Radovic, Luka"]
[Result "1/2-1/2"]
[WhiteElo "1370"]
[BlackElo "1390"]
[PlyCount "32"]
[EventDate "2009.04.11"]

1. e4 Nf6 2. Nc3 d5 3. e5 d4 4. exf6 dxc3 5. fxg7 cxd2+ 6. Bxd2 Bxg7 7. Qh5 Qd4
8. c3 Qe4+ 9. Be3 Bg4 10. Qg5 Rg8 11. f3 Qc2 12. Qb5+ Bd7 13. Qc5 Qxb2 14. Rc1
Nc6 15. Bc4 Qb6 16. Qxb6 axb6 1/2-1/2

[Event "Dan Kragujevca 2009"]
[Site "Kragujevac"]
[Date "2009.04.13"]
[Round "5.25"]
[White "Petrovic, Tamara"]
[Black "Gutic, Slobodan"]
[Result "0-1"]
[WhiteElo "1360"]
[BlackElo "1380"]
[PlyCount "92"]
[EventDate "2009.04.11"]

1. e4 e5 2. Nf3 Nc6 3. Nc3 a6 4. d4 exd4 5. Nxd4 Bb4 6. Qd2 h6 7. a3 Ba5 8.
Nxc6 bxc6 9. b4 Bb6 10. Bc4 Qf6 11. O-O Ne7 12. Bb2 O-O 13. Rab1 Qg6 14. Rbd1
d6 15. g3 Bb7 16. Bd3 Qg4 17. Bc1 f5 18. Bc4+ Kh8 19. exf5 Nxf5 20. Qf4 Qxf4
21. Bxf4 g5 22. g4 Nh4 23. Bg3 Nf3+ 24. Kg2 Rae8 25. Rd3 Ne1+ 26. Rxe1 Rxe1 27.
Na4 Ba7 28. f3 Re3 29. Rxe3 Bxe3 30. Nc3 Bd4 31. Ne2 c5 32. Nxd4 cxd4 33. Be2
Re8 34. Kf2 Re3 35. a4 Ra3 36. c3 dxc3 37. Bd1 Ra2+ 38. Ke3 c2 39. Bxc2 Rxc2
40. f4 Rc4 41. fxg5 hxg5 42. h4 gxh4 43. Bf4 Rxb4 44. g5 Rxa4 45. g6 Rxf4 46.
Kxf4 h3 0-1

[Event "Dan Kragujevca 2009"]
[Site "Kragujevac"]
[Date "2009.04.13"]
[Round "5.26"]
[White "Petrovic, Tijana"]
[Black "Mickovic, Slavisa"]
[Result "0-1"]
[WhiteElo "1360"]
[BlackElo "2117"]
[PlyCount "40"]
[EventDate "2009.04.11"]

1. e4 c5 2. Nf3 Nc6 3. d4 cxd4 4. Nxd4 e5 5. Nb5 a6 6. Nd6+ Bxd6 7. Qxd6 Qf6 8.
Qd1 Nge7 9. Be2 Qg6 10. Bf3 d5 11. Nc3 Nd4 12. O-O h5 13. Be3 Nxf3+ 14. Qxf3
Bg4 15. Qg3 h4 16. Qxe5 f6 17. Qd4 Bf3 18. g3 Qh5 19. Bf4 hxg3 20. Bxg3 Qh3 0-1